01496nam a2200265Ia 4500001000600000003000900006008004100015040001300056040001300069041001300082100002000095100002900115245008800144245008800232250001100320260002300331260001200354260004900366300004200415500066600457650003201123650003101155700001501186700002901201D5420IT-RoPAU130308s9999 xx 000 0 und d aIT-RoPAU cIT-RoPAU aITALIANO aBaroni Maurizio gCodice Aut. SPICS: 45428 aPlatea in piedi 1959-1968 - Manifesti, numeri e dati statistici del cinema italiano bPlatea in piedi 1959-1968 - Manifesti, Numeri e Dati Statistici del Cinema Italiano a1a ed. aSASSO MARCONI (BO) bBolelli c1995 [1° Ed.:1995 - Ed.Ling.Originale:1995] a"256 p. (prefazione: 16; testo: 240)" aLibro Suddiviso in 10 Capitoli, Ciascuono dei Quali comprende un Anno del Cinema Italiano dal 1959 al 1968 raccontati dal giornalista Beppe Boni, Chene Ripercorre I Momenti Piu' Salienti Fra Cronaca, costume e Spettacolo. tutti I Film del Periodo prodotti o Coprodotti in Italia dal 1959 al 1968. Film Elencati in Ordine Decrescente in Base All'Incasso Reale dell'Epoca. Materiale Illustrativo Comprende: Locandine, Affissi, foto Busta, Custodie Dilp delle colonne sonore maggiormente Rappresentative, Bozzetti Originali, Frasi di Lancio Piu' Accattivanti e le Brochure usate Come Pubblicità. Testi di presentazione di Ogni Anno in Lingua Italiana e Francese. aSTORIA NAZIONALE DEL CINEMA eCodice materia Spics: 6809 aBoni Beppe gCodice Aut. SPICS: 45429